000 00435nam a22001817a 4500
003 MPLRDC
005 20220104143006.0
008 210129b ||||| |||| 00| 0 eng d
082 _a225 SJC-10
100 _a释继程编
245 _a潮音泪痕
_c
250 _a初版
260 _a
_b十方出版社
_c1988
300 _b
490 _a禅定丛书. 6
650 _a佛教佈教及信仰生活
942 _cBK
_o225 SJC-10
999 _c35565
_d35555